| 000 | 00534cam a2200157 a 4500 | ||
|---|---|---|---|
| 020 | _a0195790723 | ||
| 082 | 0 | 0 |
_a324.95491 _bWIL |
| 100 | 1 |
_aWilder, Andrew R. _937607 |
|
| 245 | 1 | 4 |
_aThe Pakistani voter, electoral politics and voting behaviour in the Punjab / _cAndrew R. Wilder. |
| 260 |
_aKarachi ; _aNew York : _bOxford University Press, _c1999. |
||
| 300 |
_axx, 341 p. : _bmaps ; _c23 cm. |
||
| 526 |
_a0 _b0 _c0 _d324_954910000000000_WIL |
||
| 650 | 0 |
_aElections _zPakistan _zPunjab. _937608 |
|
| 650 | 0 |
_aMCE _9379 |
|
| 942 |
_2ddc _cBK |
||
| 999 |
_c542436 _d542436 |
||